01000nas a2200229Ia 4500001001100000003000900011008004100020040001300061040001300074041001200087100004800099210002900147222002900176245010400205250001100309260004000320501008600360300001800446362002600464500024100490650003900731R707/E6759IT-RoPAU151124c99999999xx |||||||||||| ||und|| aIT-RoPAU cIT-RoPAU aTEDESCO aLarsen Svend ErikgCodice Aut. SPICS: 4847 aZEITSCHRIFT FUR SEMIOTIK aZeitschrift Fur Semiotik aZEITSCHRIFT FUR SEMIOTIK, VOL. 19-N.1/2 (1997)bProspect Park In Brooklyn (Der): Natur In Der Stadt a1a ed. aTUBINGENbSTAUFFENBURG VERLAGc1997 bPaulus - SPICS - Società San Paolo EM (non-commercial uses only)cCopyright2015 a14 p. [81-94] aVOL. 19, N.1/2 (1997) aVeduta del Parco di Brooklyn: Natura in Città. Descrizione in Prospettivadiacronica e Sincronica dei Segni Visivi che Formano il Parco Cittadino Come un Segno Comprensivo nel Contesto Delle Forme Spaziali della Moderna Cultura Urbana. aSEMIOTICAvPUBBLICAZIONE PERIODICA